| 000 | 00000nam 2200000zi 4500 |
| 001 | 9.938316 |
| 003 | CaOODSP |
| 005 | 20250822163757 |
| 006 | m o d f |
| 007 | cr |n||||||||| |
| 008 | 240515t20242024onca o f000 0 eng d |
| 020 | |a9780660719511 |
| 040 | |aCaOODSP|beng|erda|cCaOODSP |
| 043 | |an-cn--- |
| 086 | 1 |aH14-619/2024E-PDF |
| 245 | 00|aMeasles factsheet. |
| 264 | 1|a[Ottawa] : |bGovernment of Canada = Gouvernement du Canada, |c[2024] |
| 264 | 4|c©2024 |
| 300 | |a1 online resource (2 unnumbered pages) : |bcolour illustration |
| 336 | |atext|btxt|2rdacontent |
| 337 | |acomputer|bc|2rdamedia |
| 338 | |aonline resource|bcr|2rdacarrier |
| 500 | |aIssued also in French under title: Feuillet de renseignements sur la rougeole. |
| 520 | |a"Measles cases and outbreaks still happen in Canada. Cases usually occur here when an individual who is not vaccinated travels to or comes from a country where measles is circulating. It can then spread in Canada among people who are un-vaccinated or not immune from a previous infection"--Page [1]. |
| 650 | 0|aMeasles|zCanada. |
| 650 | 0|aMeasles|xRisk factors|zCanada. |
| 710 | 1 |aCanada. |bHealth Canada, |eissuing body. |
| 775 | 08|tFeuillet de renseignements sur la rougeole.|w(CaOODSP)9.938317 |
| 775 | 08|t[Measles factsheet].|w(CaOODSP)9.948741 |
| 775 | 08|t[Measles factsheet].|w(CaOODSP)9.948742 |
| 775 | 08|t[Measles factsheet].|w(CaOODSP)9.948744 |
| 775 | 08|t[Measles factsheet].|w(CaOODSP)9.948746 |
| 775 | 08|tFicha de datos sobre sarampión.|w(CaOODSP)9.948748 |
| 775 | 08|tFactsheet ng tigdas.|w(CaOODSP)9.948750 |
| 775 | 08|t[Measles factsheet].|w(CaOODSP)9.948751 |
| 775 | 08|t[Measles factsheet].|w(CaOODSP)9.948753 |
| 775 | 08|t[Measles factsheet].|w(CaOODSP)9.948755 |
| 775 | 08|t[Measles factsheet].|w(CaOODSP)9.948756 |
| 775 | 08|t[Measles factsheet].|w(CaOODSP)9.948758 |
| 775 | 08|t[Measles factsheet].|w(CaOODSP)9.948759 |
| 775 | 08|t[Measles factsheet].|w(CaOODSP)9.948760 |
| 775 | 08|tBản thông tin về bệnh sởi.|w(CaOODSP)9.948761 |
| 775 | 08|t[Measles factsheet].|w(CaOODSP)9.948764 |
| 856 | 40|qPDF|s330 KB|uhttps://publications.gc.ca/collections/collection_2024/sc-hc/H14-619-2024-eng.pdf |
| 856 | 4 |qHTML|sN/A|uhttps://www.canada.ca/en/public-health/services/publications/diseases-conditions/measles-what-should-know.html |